| Tag |
First Indicator |
Second Indicator |
Subfields |
| LEADER |
00000cam a2200000 4500 |
| 001 |
in00000029336 |
| 005 |
20151007061457.0 |
| 008 |
740614s1952 mnua 00000 eng u |
| 010 |
|
|
|a 52011107
|
| 035 |
|
|
|a (OCoLC)00918458
|
| 035 |
|
|
|9 AAD2202AM
|
| 040 |
|
|
|c KSU
|d TXA
|d UtOrBLW
|
| 049 |
|
|
|a TXAM
|c [215035]
|
| 050 |
|
0 |
|a ML200.8.M52
|b M58
|
| 082 |
0 |
|
|a 785.1062
|a 785.062776
|
| 092 |
|
|
|a 780.9776
|b S553m
|
| 100 |
1 |
|
|a Sherman, John K.
|
| 245 |
1 |
0 |
|a Music and maestros ;
|b the story of the Minneapolis Symphony Orchestra.
|
| 264 |
|
1 |
|a Minneapolis :
|b University of Minnesota Press,
|c [1952]
|
| 300 |
|
|
|a 357 pages :
|b illustrations ;
|c 23 cm.
|
| 336 |
|
|
|a text
|b txt
|2 rdacontent
|
| 337 |
|
|
|a unmediated
|b n
|2 rdamedia
|
| 338 |
|
|
|a volume
|b nc
|2 rdacarrier
|
| 536 |
|
|
|a From the Howard Mayer Brown, Edward Downes, and Mary Schieffelin, Book Collections, October 2004.
|
| 610 |
2 |
0 |
|a Minneapolis Symphony Orchestra.
|
| 650 |
|
0 |
|a Music
|z Minnesota
|z Minneapolis.
|
| 999 |
|
|
|a MARS
|
| 999 |
f |
f |
|s f23e9794-fd5c-3987-8304-da94caa04341
|i bf6f7d73-7576-3357-b7a0-272e80e4a1dd
|t 0
|
| 952 |
f |
f |
|p storage
|a Texas A&M University
|b J.J. Pickle Campus
|c High Density Repository
|d Remote Storage
|t 0
|e ML200.8.M52 M58
|h Library of Congress classification
|i unmediated -- volume
|m A14831648139
|
| 952 |
f |
f |
|p ric
|a Texas A&M University
|b Rellis Campus
|c Joint Library Facility
|d Remote Storage
|t 0
|e ML200.8.M52 M58
|h Library of Congress classification
|i unmediated -- volume
|m A14801169244
|
| 998 |
f |
f |
|a ML200.8.M52 M58
|t 0
|l Remote Storage
|
| 998 |
f |
f |
|a ML200.8.M52 M58
|t 0
|l Remote Storage
|